000 00564 a2200181 4500
003 OSt
005 20240130120847.0
008 240130b |||||||| |||| 00| 0 eng d
020 _a9788182717695
040 _coclc
082 _a294.52
_bVIS/M
100 _aViswabhadranandashakthibodhi, Swami
_910338
245 _aMattirachiyude Mahabharatham /
_cSwami Viswabhadranandashakthibodhi
250 _a1st ed.
260 _aKozhikode:
_bIslamic Publishing House,
_c2016.
300 _a64p.
942 _2ddc
_cBK
_h294.52
_iVIS/M
_k294.52
_mVIS/M
999 _c43370
_d43370